[Event "MMM"]
[Site "Galaxy Gesia 22a - Krakow"]
[Date "2022.06.18"]
[Round "6.18"]
[White "Ten Have, Roland"]
[Black "Cichon, Bartlomiej"]
[Result "*"]
[BlackElo "1872"]
[WhiteElo "1957"]
[LiveChessVersion "1.4.8"]

1. e4 {[%clk 1:30:57]} c5 {[%clk 1:30:56]} 2. Nc3 {[%clk 1:31:23]} a6
{[%clk 1:31:24]} 3. g3 {[%clk 1:31:40]} b5 {[%clk 1:31:49]} 4. Bg2
{[%clk 1:32:04]} Bb7 {[%clk 1:32:15]} 5. d3 {[%clk 1:32:11]} e6 {[%clk 1:32:38]}
6. Nf3 {[%clk 1:31:56]} d6 {[%clk 1:30:23]} 7. O-O {[%clk 1:32:08]} Nf6
{[%clk 1:30:12]} 8. Be3 {[%clk 1:29:38]} Be7 {[%clk 1:28:55]} 9. h3
{[%clk 1:29:40]} O-O {[%clk 1:28:54]} 10. Qd2 {[%clk 1:28:11]} Nc6
{[%clk 1:21:52]} 11. Rae1 {[%clk 1:27:42]} d5 {[%clk 1:18:16]} 12. exd5
{[%clk 1:25:04]} Nxd5 {[%clk 1:12:28]} 13. Nxd5 {[%clk 1:22:46]} Qxd5
{[%clk 1:10:45]} 14. Ng5 {[%clk 1:16:32]} Qxa2 {[%clk 0:54:36]} 15. c3
{[%clk 1:08:20]} Qa5 {[%clk 0:53:38]} 16. Ne4 {[%clk 1:05:27]} b4
{[%clk 0:52:44]} 17. f4 {[%clk 1:02:16]} Rad8 {[%clk 0:46:45]} 18. Qf2
{[%clk 0:58:34]} bxc3 {[%clk 0:41:56]} 19. Nxc5 {[%clk 0:57:01]} Bxc5
{[%clk 0:35:51]} 20. Bxc5 {[%clk 0:54:33]} Nb4 {[%clk 0:26:57]} 21. Bxb7
{[%clk 0:46:19]} Nxd3 {[%clk 0:26:37]} 22. b4 {[%clk 0:45:50]} Qb5
{[%clk 0:25:22]} 23. Qf3 {[%clk 0:45:03]} Nxe1 {[%clk 0:22:23]} 24. Rxe1
{[%clk 0:44:25]} Rd3 {[%clk 0:22:13]} 25. Re3 {[%clk 0:42:08]} c2
{[%clk 0:19:25]} 26. Rxd3 {[%clk 0:37:30]} c1=Q+ {[%clk 0:19:30]} 27. Rd1
{[%clk 0:37:51]} Qcc4 {[%clk 0:18:11]} 28. Rd2 {[%clk 0:34:35]} Qa4
{[%clk 0:15:34]} 29. Kh2 {[%clk 0:32:00]} Qcb3 {[%clk 0:11:53]} 30. Qf2
{[%clk 0:31:25]} Re8 {[%clk 0:09:42]} 31. Be4 {[%clk 0:30:09]} Qb5
{[%clk 0:09:00]} 32. Qd4 Q3c4 {[%clk 0:08:08]} 33. Qe3 {[%clk 0:21:38]} Qc1
{[%clk 0:06:54]} 34. Qd4 {[%clk 0:20:16]} f6 {[%clk 0:04:59]} 35. Qd6
{[%clk 0:19:07]} Qb8 {[%clk 0:04:27]} 36. Qd7 {[%clk 0:18:00]} Qc4
{[%clk 0:03:14]} 37. Bd3 {[%clk 0:15:54]} Qd5 {[%clk 0:03:06]} 38. Bxh7+
{[%clk 0:15:15]} Kxh7 {[%clk 0:03:13]} 39. Rxd5 {[%clk 0:15:26]} exd5
{[%clk 0:02:56]} 40. Qf5+ {[%clk 0:14:22]} *

[Event "MMM"]
[Site "Galaxy Gesia 22a - Krakow"]
[Date "2022.06.18"]
[Round "6.19"]
[White "Hilarecki, Grzegorz"]
[Black "Czarnecka, Lidia"]
[Result "*"]
[BlackElo "1940"]
[WhiteElo "1868"]
[LiveChessVersion "1.4.8"]

1. d4 {[%clk 1:30:58]} d5 {[%clk 1:30:48]} 2. c4 {[%clk 1:31:20]} c6
{[%clk 1:30:48]} 3. cxd5 {[%clk 1:31:21]} cxd5 {[%clk 1:31:02]} 4. Bf4
{[%clk 1:30:53]} Nc6 {[%clk 1:30:48]} 5. Nc3 {[%clk 1:30:38]} a6 {[%clk 1:27:04]}
6. e3 {[%clk 1:30:07]} Nf6 {[%clk 1:27:15]} 7. Bd3 {[%clk 1:29:55]} e6
{[%clk 1:27:28]} 8. h3 {[%clk 1:27:38]} Be7 {[%clk 1:27:29]} 9. Nf3
{[%clk 1:27:20]} b5 {[%clk 1:25:50]} 10. O-O {[%clk 1:25:28]} O-O
{[%clk 1:25:25]} 11. a4 {[%clk 1:25:24]} b4 {[%clk 1:23:51]} 12. Na2
{[%clk 1:24:51]} Bb7 {[%clk 1:22:47]} 13. Nc1 {[%clk 1:24:25]} Rc8
{[%clk 1:21:48]} 14. Qe2 {[%clk 1:23:41]} Qb6 {[%clk 1:21:33]} 15. Nb3
{[%clk 1:23:21]} Na5 {[%clk 1:21:29]} 16. Nxa5 {[%clk 1:20:59]} Qxa5
{[%clk 1:21:50]} 17. Nd2 {[%clk 1:20:15]} Rc6 {[%clk 1:17:26]} 18. Nb3
{[%clk 1:18:46]} Qb6 {[%clk 1:17:46]} 19. a5 {[%clk 1:15:59]} Qa7
{[%clk 1:18:08]} 20. g4 {[%clk 1:09:54]} Nd7 {[%clk 1:06:08]} 21. g5
{[%clk 1:07:57]} Re8 {[%clk 1:03:41]} 22. Rac1 {[%clk 1:05:38]} Rec8
{[%clk 1:02:59]} 23. Rxc6 {[%clk 1:05:19]} Rxc6 {[%clk 1:03:21]} 24. h4
{[%clk 1:04:07]} Qa8 {[%clk 0:56:32]} 25. Kh2 {[%clk 0:59:57]} Nf8
{[%clk 0:52:41]} 26. Rg1 {[%clk 0:58:36]} Qd8 {[%clk 0:52:14]} 27. h5
{[%clk 0:56:52]} Bd6 {[%clk 0:50:30]} 28. Bxd6 {[%clk 0:56:07]} Qxd6+
{[%clk 0:50:43]} 29. f4 {[%clk 0:56:13]} g6 {[%clk 0:43:22]} 30. hxg6
{[%clk 0:49:30]} fxg6 {[%clk 0:42:29]} 31. Kg3 {[%clk 0:48:03]} Bc8
{[%clk 0:38:56]} 32. Rc1 {[%clk 0:44:42]} Nd7 {[%clk 0:27:04]} 33. Rxc6
{[%clk 0:44:01]} Qxc6 {[%clk 0:27:28]} 34. Kf3 {[%clk 0:37:40]} Kg7
{[%clk 0:25:49]} 35. Qd2 {[%clk 0:36:55]} Qd6 {[%clk 0:25:45]} 36. Ke2
{[%clk 0:35:59]} Nb8 {[%clk 0:25:04]} 37. Nc5 {[%clk 0:34:12]} Nc6
{[%clk 0:25:25]} 38. Kd1 {[%clk 0:31:45]} e5 {[%clk 0:22:47]} 39. fxe5
{[%clk 0:31:34]} Nxe5 {[%clk 0:20:48]} 40. Qxb4 {[%clk 0:29:33]} Ng4
{[%clk 0:20:58]} 41. Nxa6 {[%clk 0:24:43]} Qe6 {[%clk 0:19:05]} 42. Nc5
{[%clk 0:23:56]} Qxe3 {[%clk 0:18:58]} 43. Kc2 {[%clk 0:22:40]} Qxg5
{[%clk 0:15:39]} 44. a6 {[%clk 0:21:23]} Ne3+ {[%clk 0:16:00]} 45. Kb3
{[%clk 0:21:15]} Qe7 {[%clk 0:15:39]} 46. Qb8 {[%clk 0:19:53]} Bxa6
{[%clk 0:15:58]} 47. Bxa6 {[%clk 0:20:01]} h5 {[%clk 0:16:21]} 48. Bc8
{[%clk 0:19:53]} g5 {[%clk 0:16:17]} 49. Be6 {[%clk 0:19:27]} Qf6
{[%clk 0:15:55]} 50. Qg8+ {[%clk 0:18:14]} Kh6 {[%clk 0:16:19]} 51. Nd7
{[%clk 0:13:26]} Qxd4 {[%clk 0:15:56]} 52. Qf8+ {[%clk 0:12:32]} Qg7
{[%clk 0:16:16]} *

[Event "MMM"]
[Site "Galaxy Gesia 22a - Krakow"]
[Date "2022.06.18"]
[Round "6.20"]
[White "Zamekhovskiy, Yevgen"]
[Black "Palacki, Rafal"]
[Result "1-0"]
[BlackElo "1840"]
[WhiteElo "1926"]
[LiveChessVersion "1.4.8"]

1. d4 {[%clk 1:30:58]} Nf6 {[%clk 1:30:57]} 2. Nf3 {[%clk 1:31:24]} e6
{[%clk 1:31:22]} 3. c4 {[%clk 1:31:51]} b6 {[%clk 1:31:42]} 4. g3
{[%clk 1:32:17]} Bb7 {[%clk 1:32:03]} 5. Bg2 {[%clk 1:32:41]} Be7
{[%clk 1:32:09]} 6. Nc3 {[%clk 1:33:01]} O-O {[%clk 1:31:57]} 7. O-O
{[%clk 1:33:15]} Ne4 {[%clk 1:31:32]} 8. Qc2 {[%clk 1:33:41]} Nxc3
{[%clk 1:31:16]} 9. Qxc3 {[%clk 1:33:40]} d6 {[%clk 1:31:17]} 10. Rd1
{[%clk 1:29:14]} Nd7 {[%clk 1:30:23]} 11. b3 {[%clk 1:26:43]} Bf6
{[%clk 1:29:27]} 12. Bb2 {[%clk 1:26:57]} c5 {[%clk 1:28:14]} 13. Qc2
{[%clk 1:27:14]} Qc7 {[%clk 1:28:14]} 14. h4 {[%clk 1:19:42]} Rfd8
{[%clk 1:25:07]} 15. Ng5 {[%clk 1:14:19]} Bxg5 {[%clk 1:19:58]} 16. Bxb7
{[%clk 1:13:17]} Qxb7 {[%clk 1:19:52]} 17. hxg5 {[%clk 1:13:45]} d5
{[%clk 1:18:26]} 18. e4 {[%clk 1:11:25]} cxd4 {[%clk 0:54:32]} 19. exd5
{[%clk 1:05:51]} exd5 {[%clk 0:52:20]} 20. Rxd4 {[%clk 1:02:12]} Ne5
{[%clk 0:42:55]} 21. Qe2 {[%clk 1:00:51]} Ng6 {[%clk 0:27:32]} 22. Rad1
{[%clk 0:53:43]} Re8 {[%clk 0:27:46]} 23. Qf3 {[%clk 0:50:57]} Qa6
{[%clk 0:26:51]} 24. Rxd5 {[%clk 0:51:02]} Qxa2 {[%clk 0:26:52]} 25. Qc3
{[%clk 0:51:23]} 1-0

[Event "MMM"]
[Site "Galaxy Gesia 22a - Krakow"]
[Date "2022.06.18"]
[Round "6.21"]
[White "Smykalo, Severyn"]
[Black "Smetek, Michal"]
[Result "1-0"]
[BlackElo "1805"]
[WhiteElo "1870"]
[LiveChessVersion "1.4.8"]

1. d4 {[%clk 1:30:57]} Nf6 {[%clk 1:30:58]} 2. c4 {[%clk 1:31:19]} e6
{[%clk 1:31:24]} 3. Nc3 {[%clk 1:31:42]} d5 {[%clk 1:31:51]} 4. Bg5
{[%clk 1:32:05]} Be7 {[%clk 1:32:11]} 5. e3 {[%clk 1:32:29]} O-O {[%clk 1:32:04]}
6. Nf3 {[%clk 1:32:53]} b6 {[%clk 1:31:32]} 7. cxd5 {[%clk 1:30:41]} Nxd5
{[%clk 1:31:38]} 8. Bxe7 {[%clk 1:30:50]} Qxe7 {[%clk 1:31:41]} 9. Nxd5
{[%clk 1:30:49]} exd5 {[%clk 1:32:10]} 10. Qb3 {[%clk 1:30:56]} Bb7
{[%clk 1:26:30]} 11. Rc1 {[%clk 1:30:12]} c5 {[%clk 1:23:55]} 12. Qa3
{[%clk 1:30:15]} Rc8 {[%clk 1:12:01]} 13. Bd3 {[%clk 1:28:49]} Nd7
{[%clk 1:08:09]} 14. O-O {[%clk 1:28:43]} g6 {[%clk 0:58:01]} 15. Rfd1
{[%clk 1:26:20]} Nf8 {[%clk 0:53:27]} 16. dxc5 {[%clk 1:24:52]} bxc5
{[%clk 0:50:54]} 17. Ba6 {[%clk 1:24:35]} Ne6 {[%clk 0:49:36]} 18. h3
{[%clk 1:23:17]} Qc7 {[%clk 0:41:28]} 19. b3 {[%clk 1:20:01]} Qb6
{[%clk 0:38:54]} 20. Bxb7 {[%clk 1:18:35]} Qxb7 {[%clk 0:39:22]} 21. Qa5
{[%clk 1:18:12]} Rd8 {[%clk 0:34:49]} 22. Rd3 {[%clk 1:16:28]} Rd6
{[%clk 0:30:58]} 23. Qc3 {[%clk 1:13:59]} a5 {[%clk 0:27:06]} 24. Qe5
{[%clk 1:13:10]} Rad8 {[%clk 0:26:41]} 25. Rcd1 {[%clk 1:12:49]} Qd7
{[%clk 0:18:18]} 26. Nd2 {[%clk 1:11:25]} Nc7 {[%clk 0:08:47]} 27. Ne4
{[%clk 1:10:26]} Qe6 {[%clk 0:07:55]} 28. Qxe6 {[%clk 1:10:36]} Rxe6
{[%clk 0:08:14]} 29. Nxc5 {[%clk 1:10:57]} Rc6 {[%clk 0:08:34]} 30. Na4
{[%clk 1:11:24]} Kf8 {[%clk 0:06:52]} 31. Rc3 {[%clk 1:09:54]} Rxc3
{[%clk 0:07:08]} 32. Nxc3 {[%clk 1:10:23]} Ke7 {[%clk 0:07:15]} 33. Rd4
{[%clk 1:10:45]} Kd6 {[%clk 0:06:27]} 34. Ra4 {[%clk 1:09:14]} Ra8
{[%clk 0:06:36]} 35. Kf1 {[%clk 1:09:38]} Ne6 {[%clk 0:05:43]} 36. b4
{[%clk 1:07:48]} Rb8 {[%clk 0:02:34]} 37. Rxa5 {[%clk 1:07:41]} Rxb4
{[%clk 0:02:23]} 38. Rxd5+ {[%clk 1:08:05]} Kc6 {[%clk 0:02:29]} 39. Rd2
{[%clk 1:08:20]} Nc5 {[%clk 0:02:33]} 40. f3 {[%clk 1:08:18]} Rc4
{[%clk 0:02:13]} 41. Ne2 {[%clk 1:08:36]} Ra4 {[%clk 0:01:13]} 42. Nd4+
{[%clk 1:08:55]} Kc7 {[%clk 0:00:52]} 43. g4 {[%clk 1:08:48]} Na6
{[%clk 0:01:13]} 44. Rc2+ {[%clk 1:08:27]} Kd7 {[%clk 0:00:45]} 45. Nb3
{[%clk 1:08:21]} Nb4 {[%clk 0:00:37]} 46. Rc4 {[%clk 1:08:07]} Kd6
{[%clk 0:00:36]} 47. a3 {[%clk 1:08:18]} Rxa3 {[%clk 0:00:41]} 48. Rxb4
{[%clk 1:08:46]} 1-0

[Event "MMM"]
[Site "Galaxy Gesia 22a - Krakow"]
[Date "2022.06.18"]
[Round "6.22"]
[White "Berezowski, Szymon"]
[Black "Kania, Franciszek"]
[Result "1/2-1/2"]
[BlackElo "1615"]
[WhiteElo "1924"]
[LiveChessVersion "1.4.8"]

1. c4 {[%clk 1:30:56]} c5 {[%clk 1:30:15]} 2. Nf3 {[%clk 1:30:59]} g6
{[%clk 1:30:10]} 3. Nc3 {[%clk 1:29:58]} Bg7 {[%clk 1:30:25]} 4. g3
{[%clk 1:29:59]} Nc6 {[%clk 1:30:40]} 5. Bg2 {[%clk 1:30:06]} e5 {[%clk 1:30:54]}
6. d3 {[%clk 1:30:16]} Nge7 {[%clk 1:31:04]} 7. O-O {[%clk 1:30:19]} O-O
{[%clk 1:31:23]} 8. a3 {[%clk 1:29:13]} d6 {[%clk 1:31:06]} 9. Rb1
{[%clk 1:28:47]} a5 {[%clk 1:30:45]} 10. Bd2 {[%clk 1:28:40]} h6 {[%clk 1:28:04]}
11. Nd5 {[%clk 1:21:26]} Nxd5 {[%clk 1:26:19]} 12. cxd5 {[%clk 1:14:36]} Ne7
{[%clk 1:26:25]} 13. b4 {[%clk 1:13:38]} axb4 {[%clk 1:23:08]} 14. axb4
{[%clk 1:14:06]} Nxd5 {[%clk 1:23:20]} 15. bxc5 {[%clk 1:14:04]} dxc5
{[%clk 1:23:32]} 16. Qc1 {[%clk 1:13:44]} Kh7 {[%clk 1:19:37]} 17. Qxc5
{[%clk 1:13:39]} Be6 {[%clk 0:53:39]} 18. Rxb7 {[%clk 1:12:04]} Rc8
{[%clk 0:52:07]} 19. Qa3 {[%clk 1:07:40]} Rc2 {[%clk 0:47:51]} 20. Rc1
{[%clk 1:03:37]} Rxc1+ {[%clk 0:47:04]} 21. Qxc1 {[%clk 1:00:43]} Qa8
{[%clk 0:46:20]} 22. Rb5 {[%clk 0:59:29]} Rc8 {[%clk 0:43:48]} 23. Rc5
{[%clk 0:58:37]} Rb8 {[%clk 0:43:38]} 24. h4 {[%clk 0:56:18]} Qa2
{[%clk 0:42:46]} 25. Ra5 {[%clk 0:52:12]} Qb3 {[%clk 0:42:40]} 26. Ne1
{[%clk 0:44:48]} e4 {[%clk 0:27:57]} 27. Bxe4 {[%clk 0:39:47]} Nc3
{[%clk 0:23:39]} 28. Bxc3 {[%clk 0:35:19]} Qxc3 {[%clk 0:23:40]} 29. Rc5
{[%clk 0:35:34]} Qb3 {[%clk 0:23:00]} 30. h5 {[%clk 0:32:53]} Qa2
{[%clk 0:17:59]} 31. hxg6+ {[%clk 0:32:22]} fxg6 {[%clk 0:18:25]} 32. Rc7
{[%clk 0:27:01]} Rb1 {[%clk 0:13:59]} 33. Qc3 {[%clk 0:26:38]} Bf7
{[%clk 0:14:03]} 34. Rxf7 {[%clk 0:26:41]} Qxf7 {[%clk 0:14:19]} 35. Qa5
{[%clk 0:25:29]} Ra1 {[%clk 0:13:12]} 36. Qb4 {[%clk 0:25:50]} Qc7
{[%clk 0:12:07]} 37. Kg2 {[%clk 0:24:44]} Bc3 {[%clk 0:11:08]} 38. Bxg6+
{[%clk 0:24:46]} Kxg6 {[%clk 0:11:12]} 39. Qg4+ {[%clk 0:24:41]} Kh7
{[%clk 0:10:53]} 40. Qf5+ {[%clk 0:24:18]} Kg7 {[%clk 0:10:45]} 41. Nf3
{[%clk 0:24:41]} Bf6 {[%clk 0:09:56]} 42. Qg4+ {[%clk 0:24:10]} Kh8
{[%clk 0:09:45]} 43. Qe6 {[%clk 0:23:17]} Qg7 {[%clk 0:08:20]} 44. e4
{[%clk 0:22:13]} Qe7 {[%clk 0:07:30]} 45. Qh3 {[%clk 0:21:44]} Kg7
{[%clk 0:06:34]} 46. Qg4+ {[%clk 0:22:07]} Kh8 {[%clk 0:06:23]} 47. Qh5 1/2-1/2

[Event "MMM"]
[Site "Galaxy Gesia 22a - Krakow"]
[Date "2022.06.18"]
[Round "6.23"]
[White "Pietrzak, Tomasz"]
[Black "Bukala, Weronika"]
[Result "*"]
[BlackElo "1747"]
[WhiteElo "1879"]
[LiveChessVersion "1.4.8"]

1. c4 {[%clk 1:30:51]} c5 {[%clk 1:30:16]} 2. Nc3 {[%clk 1:31:15]} Nc6
{[%clk 1:30:36]} 3. e3 {[%clk 1:30:59]} Nf6 {[%clk 1:30:22]} 4. Nge2
{[%clk 1:30:51]} e6 {[%clk 1:22:48]} 5. g3 {[%clk 1:26:21]} d5 {[%clk 1:21:33]}
6. cxd5 {[%clk 1:26:40]} Nb4 {[%clk 1:12:52]} 7. d3 {[%clk 1:19:30]} Nfxd5
{[%clk 1:05:07]} 8. a3 {[%clk 1:19:23]} Qa5 {[%clk 1:04:10]} 9. Rb1
{[%clk 1:18:17]} Nc6 {[%clk 1:00:28]} 10. Bg2 {[%clk 1:17:29]} Nxc3
{[%clk 0:55:51]} 11. Nxc3 {[%clk 1:15:01]} Be7 {[%clk 0:55:49]} 12. O-O
{[%clk 1:07:13]} O-O {[%clk 0:55:28]} 13. Qc2 {[%clk 1:02:08]} Qc7
{[%clk 0:52:02]} 14. Na4 {[%clk 1:00:33]} Qd6 {[%clk 0:48:01]} 15. b3
{[%clk 0:54:08]} f5 {[%clk 0:40:15]} 16. Bb2 {[%clk 0:52:43]} b5 {[%clk 0:35:14]}
17. Nxc5 {[%clk 0:48:32]} e5 {[%clk 0:31:16]} 18. Rbc1 {[%clk 0:46:41]} Rb8
{[%clk 0:27:13]} 19. b4 {[%clk 0:40:59]} Nd8 {[%clk 0:26:41]} 20. Qb3+
{[%clk 0:39:16]} Kh8 {[%clk 0:26:33]} 21. Qd5 {[%clk 0:37:09]} Nf7
{[%clk 0:22:15]} 22. f4 {[%clk 0:30:52]} exf4 {[%clk 0:15:59]} 23. Qxd6
{[%clk 0:29:56]} Nxd6 {[%clk 0:15:55]} 24. gxf4 {[%clk 0:30:22]} Bf6
{[%clk 0:16:08]} 25. Bxf6 {[%clk 0:27:03]} Rxf6 {[%clk 0:16:33]} 26. Bd5
{[%clk 0:24:08]} h6 {[%clk 0:15:58]} 27. h4 {[%clk 0:20:56]} Nb7 {[%clk 0:14:42]}
28. h5 {[%clk 0:17:06]} Rd6 {[%clk 0:13:52]} 29. Bxb7 {[%clk 0:11:28]} Bxb7
{[%clk 0:14:20]} 30. Kf2 {[%clk 0:06:42]} Bc6 {[%clk 0:13:31]} 31. Rc3
{[%clk 0:06:10]} Rg8 {[%clk 0:12:56]} 32. Rg1 {[%clk 0:04:47]} Be8
{[%clk 0:09:22]} 33. Nb3 {[%clk 0:04:16]} Bxh5 {[%clk 0:08:53]} 34. Nd4
{[%clk 0:04:44]} Rgd8 {[%clk 0:08:58]} 35. Rc5 {[%clk 0:03:24]} a6
{[%clk 0:09:17]} 36. Rgc1 {[%clk 0:02:51]} Be8 {[%clk 0:09:08]} *

[Event "MMM"]
[Site "Galaxy Gesia 22a - Krakow"]
[Date "2022.06.18"]
[Round "6.24"]
[White "Szopa, Emilia"]
[Black "Witczak, Borys"]
[Result "1/2-1/2"]
[BlackElo "1667"]
[WhiteElo "1861"]
[LiveChessVersion "1.4.8"]

1. e4 {[%clk 1:30:51]} c5 {[%clk 1:30:55]} 2. Ne2 {[%clk 1:30:34]} d6
{[%clk 1:30:41]} 3. g3 {[%clk 1:30:14]} Nf6 {[%clk 1:29:43]} 4. Bg2
{[%clk 1:29:36]} e5 {[%clk 1:27:38]} 5. O-O {[%clk 1:25:20]} h5 {[%clk 1:25:57]}
6. f3 {[%clk 1:19:42]} h4 {[%clk 1:25:35]} 7. g4 {[%clk 1:19:24]} h3
{[%clk 1:24:04]} 8. Bh1 {[%clk 1:19:41]} Nc6 {[%clk 1:23:29]} 9. Ng3
{[%clk 1:14:01]} g6 {[%clk 1:21:01]} 10. d3 {[%clk 1:10:46]} Be7 {[%clk 1:20:45]}
11. Be3 {[%clk 1:05:53]} Nh7 {[%clk 1:18:26]} 12. Nc3 {[%clk 0:58:23]} Bh4
{[%clk 1:16:56]} 13. Nce2 {[%clk 0:47:51]} Rg8 {[%clk 1:15:07]} 14. c3
{[%clk 0:44:30]} f5 {[%clk 1:12:40]} 15. f4 {[%clk 0:43:30]} exf4
{[%clk 0:49:56]} 16. Nxf4 {[%clk 0:41:11]} Bxg3 {[%clk 0:48:35]} 17. hxg3
{[%clk 0:39:37]} h2+ {[%clk 0:48:40]} 18. Kg2 {[%clk 0:38:15]} fxe4
{[%clk 0:44:39]} 19. Qb3 {[%clk 0:33:56]} Nf6 {[%clk 0:33:46]} 20. Ne6
{[%clk 0:21:28]} Qe7 {[%clk 0:29:41]} 21. Rxf6 {[%clk 0:19:58]} c4
{[%clk 0:21:57]} 22. Qxc4 {[%clk 0:17:48]} Qxf6 {[%clk 0:19:41]} 23. Nc7+
{[%clk 0:17:06]} Kd7 {[%clk 0:17:02]} 24. Rf1 {[%clk 0:16:49]} Qxf1+
{[%clk 0:17:10]} 25. Kxf1 {[%clk 0:16:54]} Rf8+ {[%clk 0:17:37]} 26. Ke1
{[%clk 0:15:28]} Kxc7 {[%clk 0:18:00]} 27. dxe4 {[%clk 0:09:50]} Bxg4
{[%clk 0:17:23]} 28. e5 {[%clk 0:10:08]} Rae8 {[%clk 0:14:14]} 29. Qxg4
{[%clk 0:06:48]} Nxe5 {[%clk 0:14:33]} 30. Qh3 {[%clk 0:04:34]} Nf3+
{[%clk 0:13:58]} 31. Bxf3 {[%clk 0:03:23]} Rxe3+ {[%clk 0:13:43]} 32. Be2
{[%clk 0:03:26]} Rfe8 {[%clk 0:12:35]} 33. Qxh2 {[%clk 0:03:43]} Kd7
{[%clk 0:11:51]} 34. Qh3+ {[%clk 0:02:55]} R8e6 {[%clk 0:11:30]} 1/2-1/2

[Event "MMM"]
[Site "Galaxy Gesia 22a - Krakow"]
[Date "2022.06.18"]
[Round "6.25"]
[White "Mackowiak, Szymon"]
[Black "Zarebska, Lena"]
[Result "1-0"]
[BlackElo "1829"]
[WhiteElo "1665"]
[LiveChessVersion "1.4.8"]

1. d4 {[%clk 1:30:57]} Nf6 {[%clk 1:30:54]} 2. c4 {[%clk 1:31:24]} e6
{[%clk 1:31:17]} 3. Nc3 {[%clk 1:31:50]} Bb4 {[%clk 1:31:42]} 4. f3
{[%clk 1:32:18]} c5 {[%clk 1:31:30]} 5. d5 {[%clk 1:32:42]} b5 {[%clk 1:31:27]}
6. e4 {[%clk 1:33:09]} d6 {[%clk 1:31:22]} 7. dxe6 {[%clk 1:32:20]} Bxc3+
{[%clk 1:29:22]} 8. bxc3 {[%clk 1:32:48]} Bxe6 {[%clk 1:29:02]} 9. Bf4
{[%clk 1:32:07]} Qa5 {[%clk 1:27:56]} 10. Bxd6 {[%clk 1:31:33]} Qxc3+
{[%clk 1:27:44]} 11. Kf2 {[%clk 1:31:55]} Qb2+ {[%clk 1:19:53]} 12. Be2
{[%clk 1:32:03]} Nbd7 {[%clk 0:45:01]} 13. cxb5 {[%clk 1:30:44]} Rd8
{[%clk 0:43:16]} 14. Rb1 {[%clk 1:29:01]} Qa3 {[%clk 0:41:39]} 15. Qc1
{[%clk 1:27:29]} Qa4 {[%clk 0:38:54]} 16. Qc3 {[%clk 1:27:08]} h5
{[%clk 0:26:04]} 17. Nh3 {[%clk 1:24:56]} Qxe4 {[%clk 0:21:38]} 18. Nf4
{[%clk 1:21:07]} Qd4+ {[%clk 0:15:31]} 19. Qxd4 {[%clk 1:21:22]} cxd4
{[%clk 0:15:59]} 20. Nxe6 {[%clk 1:21:35]} fxe6 {[%clk 0:16:22]} 21. Bd3
{[%clk 1:21:42]} Kf7 {[%clk 0:16:46]} 22. a4 {[%clk 1:21:43]} Nd5
{[%clk 0:14:32]} 23. a5 {[%clk 1:20:50]} Rc8 {[%clk 0:12:26]} 24. Rhc1
{[%clk 1:20:43]} Nc3 {[%clk 0:12:48]} 25. Ra1 {[%clk 1:20:02]} Rhd8
{[%clk 0:12:20]} 26. Bb4 {[%clk 1:20:00]} Ne5 {[%clk 0:11:46]} 27. Bf1
{[%clk 1:20:27]} Nd5 {[%clk 0:11:31]} 28. Bd2 {[%clk 1:20:38]} Nc3
{[%clk 0:08:53]} 29. b6 {[%clk 1:18:53]} axb6 {[%clk 0:06:02]} 30. axb6
{[%clk 1:19:21]} Nd7 {[%clk 0:04:36]} 31. Ra7 {[%clk 1:19:20]} Kf6
{[%clk 0:03:31]} 32. h4 {[%clk 1:19:17]} Ke5 {[%clk 0:03:23]} 33. Bg5
{[%clk 1:19:18]} Nf6 {[%clk 0:02:33]} 34. Re1+ {[%clk 1:19:45]} Kd5
{[%clk 0:01:46]} 35. Rxg7 {[%clk 1:20:08]} Rf8 {[%clk 0:01:33]} 36. b7
{[%clk 1:16:46]} Rce8 {[%clk 0:01:31]} 37. Bxf6 {[%clk 1:15:46]} Rxf6
{[%clk 0:01:54]} 38. Rc7 {[%clk 1:16:03]} Rff8 {[%clk 0:01:59]} 39. Bc4+
{[%clk 1:16:24]} Kd6 {[%clk 0:02:06]} 40. Rh7 {[%clk 1:16:44]} e5
{[%clk 0:02:15]} 41. Kg1 {[%clk 1:16:32]} Kc5 {[%clk 0:01:40]} 42. Bd3
{[%clk 1:16:37]} Kb6 {[%clk 0:01:46]} 43. Rxh5 {[%clk 1:16:46]} Kxb7
{[%clk 0:01:08]} 44. Rhxe5 {[%clk 1:17:12]} Ra8 {[%clk 0:01:00]} 45. Rg5
{[%clk 1:15:36]} Kb6 {[%clk 0:00:54]} 46. Re6+ {[%clk 1:16:01]} Kc7
{[%clk 0:01:12]} 47. Rg7+ {[%clk 1:16:15]} Kb8 {[%clk 0:01:22]} 48. Bf5
{[%clk 1:16:03]} Nd5 {[%clk 0:01:24]} 49. Rd6 {[%clk 1:16:02]} Ra5
{[%clk 0:01:33]} 50. Be4 {[%clk 1:16:08]} Nf6 {[%clk 0:01:33]} 51. Rb6+
{[%clk 1:16:28]} Kc8 {[%clk 0:01:55]} 52. Bb7+ {[%clk 1:16:38]} Kb8
{[%clk 0:02:00]} 53. Ba6+ {[%clk 1:17:06]} Ka8 {[%clk 0:02:19]} 54. Bb5
{[%clk 1:17:34]} 1-0

[Event "MMM"]
[Site "Galaxy Gesia 22a - Krakow"]
[Date "2022.06.18"]
[Round "6.27"]
[White "Pietrzak, Wojciech"]
[Black "Szlosarczyk, Hubert"]
[Result "1-0"]
[BlackElo "1654"]
[WhiteElo "1773"]
[LiveChessVersion "1.4.8"]

1. d4 {[%clk 1:31:13]} d5 {[%clk 1:30:23]} 2. Bg5 Nd7 3. e3 {[%clk 1:31:00]} Ngf6
{[%clk 1:27:57]} 4. Nd2 {[%clk 1:31:10]} e6 {[%clk 1:27:05]} 5. Bd3
{[%clk 1:31:26]} Be7 {[%clk 1:26:32]} 6. c3 {[%clk 1:31:45]} O-O {[%clk 1:25:05]}
7. f4 {[%clk 1:32:02]} c5 {[%clk 1:23:29]} 8. Ngf3 {[%clk 1:32:23]} b6
{[%clk 1:20:38]} 9. O-O {[%clk 1:31:59]} Bb7 {[%clk 1:19:19]} 10. Ne5
{[%clk 1:31:40]} Ne4 {[%clk 1:16:44]} 11. Bxe7 {[%clk 1:29:22]} Qxe7
{[%clk 1:16:00]} 12. Ndf3 {[%clk 1:29:35]} Nxe5 {[%clk 1:13:38]} 13. Nxe5
{[%clk 1:28:13]} f6 {[%clk 1:12:41]} 14. Nf3 {[%clk 1:25:51]} Rac8
{[%clk 1:10:13]} 15. Nd2 {[%clk 1:05:55]} Nxd2 {[%clk 1:05:03]} 16. Qxd2
{[%clk 1:06:18]} c4 {[%clk 1:04:30]} 17. Bc2 {[%clk 1:04:53]} f5 {[%clk 1:02:25]}
18. Rf3 {[%clk 1:02:03]} Rf6 {[%clk 1:01:49]} 19. Raf1 {[%clk 1:02:17]} Rg6
{[%clk 1:01:17]} 20. Rh3 {[%clk 0:58:37]} a5 {[%clk 0:59:56]} 21. Kh1
{[%clk 0:57:04]} b5 {[%clk 0:58:03]} 22. Rg1 {[%clk 0:56:35]} Rg4
{[%clk 0:54:17]} 23. Bd1 {[%clk 0:56:02]} Rh4 {[%clk 0:53:59]} 24. Rxh4
{[%clk 0:50:46]} Qxh4 {[%clk 0:54:28]} 25. Bf3 {[%clk 0:47:54]} Qe7
{[%clk 0:53:01]} 26. a3 {[%clk 0:48:01]} Rf8 {[%clk 0:52:37]} 27. g4
{[%clk 0:45:25]} g6 {[%clk 0:51:43]} 28. Qg2 {[%clk 0:44:36]} Qf7
{[%clk 0:51:25]} 29. h4 {[%clk 0:43:02]} Kh8 {[%clk 0:51:08]} 30. h5
{[%clk 0:43:06]} Rg8 {[%clk 0:49:48]} 31. hxg6 {[%clk 0:38:46]} hxg6
{[%clk 0:49:56]} 32. gxf5 {[%clk 0:35:44]} Qh7+ {[%clk 0:47:18]} 33. Qh2
{[%clk 0:36:05]} Qxh2+ {[%clk 0:47:41]} 34. Kxh2 {[%clk 0:36:29]} gxf5
{[%clk 0:46:51]} 35. Rxg8+ {[%clk 0:36:00]} Kxg8 {[%clk 0:47:20]} 36. Kh3
{[%clk 0:36:17]} Kg7 {[%clk 0:47:34]} 37. Kh4 {[%clk 0:36:42]} Kh6
{[%clk 0:47:02]} 38. Bh5 {[%clk 0:28:42]} Bc6 {[%clk 0:47:22]} 39. Bf7
{[%clk 0:29:06]} Bd7 {[%clk 0:47:50]} 40. Bh5 {[%clk 0:29:29]} a4
{[%clk 0:48:03]} 41. Bf7 {[%clk 0:29:24]} Kg7 {[%clk 0:48:28]} 42. Bh5
{[%clk 0:29:43]} Kh6 {[%clk 0:48:55]} 43. Bf7 1-0